Miasta z województwa podlaskiego wśród 500 największych miast w Polsce - Statystyki

Ogólne statystyki
  • Ten quiz został rozwiązany 48 razy
  • Średni wynik to 11 z 16
Statystyki odpowiedzi
Msc. Miasto L. mieszkańców % Poprawnych
10 Białystok 292 058
100%
65 Łomża 59 965
98%
50 Suwałki 68 434
95%
220 Hajnówka 19 056
93%
151 Augustów 29 108
89%
179 Bielsk Podlaski 23 932
82%
201 Grajewo 20 983
75%
246 Sokółka 17 168
73%
202 Zambrów 20 944
68%
406 Mońki 9 468
66%
315 Siemiatycze 13 421
66%
294 Łapy 14 504
57%
391 Kolno 9 871
55%
424 Wysokie Mazowieckie 9 001
55%
334 Wasilków 12 655
43%
431 Czarna Białostocka 8 644
34%
Nie znaleziono quizów pasujących do podanych kryteriów
Rozkład punktacji
Procent ludzi z każdym wynikiem
Percentyl według liczby udzielonych odpowiedzi
Twoja historia wyników
Nie rozwiązałeś tego quizu